000 00742nam a2200265 4500
001 10877
003 BD-RjUL
005 20211208235032.0
008 140125s1968 ne a b 00110 eng
035 _a(BD-RjUL)10926
040 _aDLC
_cDLC
_dBOS
_beng
041 _aeng
082 _a551.47
_bNEO
090 _aGC231
_bF68
100 1 _aNeumann, Gerhard,
_d1911-
_933625
245 0 0 _aOcean currents /
_cby G. Neumann.
260 _aAmsterdam ;
_aNew York :
_bElsevier Pub. Co.,
_c1968.
300 _axi, 352 p. with illus. (part fold.) ;
_c22 cm.
350 _a57.50.
490 0 _aElsevier oceanography series, 4.
504 _aBibliography: p. 311-336.
650 0 _aOcean currents.
_933102
942 _2ddc
_cBK
999 _c10877
_d10877